Loading...
| History - European | 0 | 7 | 1 | 1 | 65 | 69 | 95.43 | 0 | 2 | 16.69 | 34.50 |
| History - American | 0 | 5 | 0 | 2 | 50 | 73 | 100.40 | 0 | 1 | 10.15 | 19.17 |
| History - Other | 0 | 3 | 0 | 0 | 30 | 94 | 110.00 | 0 | 0 | 5.18 | 5.67 |
| History - World | 0 | 3 | 1 | 0 | 25 | 67 | 90.33 | 0 | 0 | 9.17 | 11.67 |
| Social Science | 0 | 2 | 0 | 0 | 20 | 74 | 79.00 | 0 | 0 | 4.64 | 10.83 |
| Fine Arts - Other | 0 | 2 | 0 | 0 | 20 | 58 | 87.00 | 0 | 1 | 7.37 | 8.67 |
| Fine Arts - Painting and Sculpture | 0 | 2 | 0 | 0 | 20 | 85 | 107.00 | 0 | 0 | 3.61 | 4.17 |
| Literature - American | 0 | 2 | 0 | 0 | 20 | 98 | 109.00 | 0 | 1 | 4.48 | 13.00 |
| Philosophy | 0 | 2 | 0 | 1 | 20 | 82 | 96.50 | 0 | 1 | 2.87 | 8.33 |
| Literature - World | 0 | 1 | 0 | 1 | 10 | 144 | 144.00 | 0 | 0 | 0.00 | 1.00 |
| Mythology | 0 | 1 | 0 | 0 | 10 | 124 | 124.00 | 0 | 0 | 0.08 | 1.67 |
| Current Events | 0 | 1 | 0 | 0 | 10 | 74 | 74.00 | 0 | 1 | 14.21 | 25.00 |
| Geography | 0 | 1 | 0 | 0 | 10 | 90 | 90.00 | 0 | 1 | 15.65 | 41.67 |
| Fine Arts - Classical Music | 0 | 1 | 0 | 0 | 10 | 112 | 112.00 | 0 | 0 | 0.74 | 2.50 |
| Religion | 0 | 0 | 1 | 0 | -5 | 0.00 | 0 | 0 | 0.00 | 0.00 |